000 01228cam a2200385 a 4500
001 5598
003 FISKH
005 20241219145658.0
008 951003s1996 nyua j 000 0 eng
010 _a 95025750
020 _a0590847783
020 _a9780439451635
040 _aDLC
_cDLC
_dDLC
_beng
042 _alcac
050 _aTH9148.M32
082 _a628.92
100 1 _aMarzollo, Jean.
245 1 0 _aI am fire /
_cby Jean Marzollo ; illustrated by Judith Moffatt.
260 _aNew York :
_bScholastic,
_c1996,
300 _a30 unnumbered pages :
_bcolor illustrations ;
_c23 cm
440 0 _aHello science reader!
_nLevel 1
505 _aG
520 _aExplains the difference between good fire, which can be used safely for cooking and providing warmth, and bad fire, which can cause burns or destroy property.
521 8 _a370
_bLexile
521 8 _aG
_bRaz-Plus
650 0 _aFire prevention
_vJuvenile literature.
650 0 _aFire
_vJuvenile literature.
650 1 _aFire.
650 1 _aFire prevention.
650 1 _aSafety.
700 1 _aMoffatt, Judith,
_eillustrator
906 _a7
_bcbc
_corignew
_d1
_eocip
_f19
_gy-gencatlg
942 _2ddc
_cBK
_n0
999 _c5598
_d5598